Top 20 meilleurs profs de Sévigné Granville (vrai version) - Statistiques

Statistiques générales
  • Ce quiz a été pris 16 fois
  • Le résultat moyen est 10 sur 20
Statistiques - réponses
Hint Réponse % Correct
5 Amblard
86%
12 Deschamps
71%
🥈 Leluan
71%
🥇 Riboulet
71%
10 Jean
64%
6 Pamart
64%
16 Couté
57%
🥉 Caille
50%
11 De Chivré
50%
7 Hélène
50%
15 Laval
50%
13 Deuley
43%
18 Germanicus
43%
14 Grellier
43%
17 Hourçourigaray
43%
4 Lelandais
43%
20 Touzé
43%
19 Blais-Maton
29%
9 Leroy
29%
8 Levallois
29%
Aucun quiz correspondant
Distribution des résultats
% des personnes avec chaque résultat
Percentile par nombre de réponses
Votre historique - résultats
Vous n’avez pas pris ce quiz